Biotribology (Record no. 62882)
[ view plain ]
| 000 -LEADER | |
|---|---|
| fixed length control field | 01516nam a2200337 a 4500 |
| 082 04 - DEWEY DECIMAL CLASSIFICATION NUMBER | |
| Classification number | 617.5/80592 |
| 245 00 - TITLE STATEMENT | |
| Title | Biotribology |
| 260 ## - PUBLICATION, DISTRIBUTION, ETC. (IMPRINT) | |
| Place of publication | London : |
| Name of publisher | ISTE ; |
| Place of publication | Hoboken, N.J. : |
| Name of publisher | John Wiley & Sons, |
| Year of publication | 2010. |
| 300 ## - PHYSICAL DESCRIPTION | |
| Number of Pages | x, 202 p. : |
| Other physical details | ill. |
| 505 0# - FORMATTED CONTENTS NOTE | |
| Formatted contents note | Biotribology of total hip replacement : the metal-on-metal articulation -- Experimental wear studies of total joint replacements -- Influence of temperature on creep and deformation in UHMWPE under tribological loading in artificial joints -- Large capacity wear testing -- Biotribology of titanium alloys. |
| 650 #0 - SUBJECT ADDED ENTRY--TOPICAL TERM | |
| Topical Term | Artificial joints. |
| Topical Term | Tribology. |
| Topical Term | Biomechanics. |
| 700 1# - ADDED ENTRY--PERSONAL NAME | |
| Personal name | Davim, J. Paulo. |
| 856 40 - ELECTRONIC LOCATION AND ACCESS | |
| Uniform Resource Identifier | http://site.ebrary.com/lib/rucke/Doc?id=10671511 |
No items available.
